| 000 | 00829nas a2200217 i 4500 | ||
|---|---|---|---|
| 001 | 173146 | ||
| 003 | ES-MaACL | ||
| 005 | 20250217134841.0 | ||
| 008 | 091110c1902 sp | | ||pa d | ||
| 100 | 1 |
_aAledo, Vergara y Pérez de Aranda, Mariano, _cMarqués de, _d1833-1912 _9141529 |
|
| 245 | 1 | 0 |
_aAnuario de la Cuna de Jesús _b: sociedad caritativa para acoger y cuidar durante el día niños pobres en lactancia / _ccompuesto por su fundador Mariano Vergara, marqués de Aledo. |
| 260 |
_aMadrid : _b[s.n.], _c1902- |
||
| 300 |
_a3 v. : _bil. ; _c23 cm. |
||
| 310 | _aAnual | ||
| 362 | 0 | _aAño I (1901)- | |
| 650 | 0 | 4 |
_aNiños- _xAsistencia institucional. _9167009 |
| 710 | 2 |
_aSociedad La cuna de Jesús (Madrid) _9134897 |
|
| 852 | 1 |
_aBA _jG-12512-14 |
|
| 866 | 0 | _o1901,1903-04. | |
| 999 |
_c173146 _d173146 |
||